|
|
|
|
| LEADER |
01718nam a2200457 a 4500 |
| 001 |
nkc20071781559 |
| 003 |
CZ PrNK |
| 005 |
20080328073605.0 |
| 007 |
ta |
| 008 |
080103s2007 xr ab f 000 0 cze |
| 015 |
|
|
|a cnb001781559
|
| 020 |
|
|
|a 978-80-87011-07-2
|q (brož.)
|
| 035 |
|
|
|a (OCoLC)228501167
|
| 040 |
|
|
|a ABA001
|b cze
|
| 072 |
|
7 |
|a 632
|x Ochrana rostlin. Fytopatologie
|2 Konspekt
|9 24
|
| 080 |
|
|
|a 582.542.12
|2 MRF
|
| 080 |
|
|
|a 632.51
|2 MRF
|
| 080 |
|
|
|a 632.954
|2 MRF
|
| 080 |
|
|
|a (048.8)
|2 MRF
|
| 245 |
0 |
0 |
|a Biologie, ekologie a možnosti regulace kamyšníků na zemědělské půdě :
|b metodika /
|c Jan Mikulka, Petr Zákravský (eds.) ; [autoři: Zdenka Hroudová ... et al.]
|
| 260 |
|
|
|a Praha :
|b Výzkumný ústav rostlinné výroby,
|c 2007
|
| 300 |
|
|
|a 28 s. :
|b barev. il., mapa ;
|c 30 cm
|
| 500 |
|
|
|a Pod názvem: Botanický ústav AV ČR
|
| 504 |
|
|
|a Obsahuje bibliografie
|
| 650 |
0 |
7 |
|a kamyšník polní
|7 ph436852
|2 czenas
|
| 650 |
0 |
7 |
|a kamyšník širokoplodý
|7 ph436853
|2 czenas
|
| 650 |
0 |
7 |
|a hubení plevelů
|7 ph120870
|2 czenas
|
| 650 |
0 |
9 |
|a Bolboschoenus planiculmis
|2 eczenas
|
| 650 |
0 |
9 |
|a Bolboschoenus laticarpus
|2 eczenas
|
| 650 |
0 |
9 |
|a weed control
|2 eczenas
|
| 655 |
|
7 |
|a studie
|7 fd133597
|2 czenas
|
| 655 |
|
9 |
|a studies
|2 eczenas
|
| 700 |
1 |
|
|a Hroudová, Zdenka,
|d 1944-
|7 js20050502004
|4 aut
|
| 700 |
1 |
|
|a Mikulka, Jan,
|d 1953-
|7 mzk2004225107
|4 edt
|
| 700 |
1 |
|
|a Zákravský, Petr
|7 jx20080108040
|4 edt
|
| 710 |
2 |
|
|a Botanický ústav (Akademie věd ČR)
|7 kn20010709006
|
| 910 |
2 |
|
|a BOA001
|b 4-1200.612
|
| 990 |
|
|
|a BK
|
| 995 |
|
|
|a 01
|
| 991 |
|
|
|b 200803
|c NOV
|
| 996 |
6 |
|
|b 2610337261
|c 4-1200.612
|l MZK
|r Sklad / do 1 hodiny
|n 0
|p p.v.
|w 000885825
|u 000010
|a 1
|e BOA001
|j MZK50
|s P
|